000 00332nam a22001217a 4500
008 230626b xxu||||| |||| 00| 0 eng d
082 _a330.917
_bRAZ 1999
245 _aDevelopment and Socio-Economic Progress
260 _aEgypt
_bAfro-Asian People's Solidarity Organization
_c1999
300 _a80p
440 _n76
942 _2ddc
_cBK
999 _c2653
_d2653